| 000 | 00806nam a2200241Ia 4500 | ||
|---|---|---|---|
| 003 | OSt | ||
| 005 | 20220925221747.0 | ||
| 006 | a|||||r|||| 00| 0 | ||
| 007 | ta | ||
| 008 | 220923b |||||||| |||| 00| 0 eng d | ||
| 020 |
_a9781857883862 _c590.75 |
||
| 037 |
_b148, 03/03/2016, Index International _cGeneral Book |
||
| 040 |
_aRTL _cRTL _beng |
||
| 041 |
_2eng _aeng |
||
| 082 | _aX:(S), P7 | ||
| 100 |
_aBUTLER-BOWDON Tom _9287066 |
||
| 245 | 0 |
_a50 Psychology classics _b Who we are, how we think, what we do insight and inspiration from 50 key books |
|
| 260 |
_aLondon _bNicholas Brealey Publishing _c2015 |
||
| 300 |
_aviii, 301p _ccm. |
||
| 490 | _a18 | ||
| 942 |
_hX:(S), P7 _cGB _2CC |
||
| 999 |
_c575288 _d575288 |
||